Ensayos sobre el realismo

محفوظ في:
التفاصيل البيبلوغرافية
المؤلف الرئيسي: Lukács, Georg (autor)
التنسيق: كتاب
اللغة:الإسبانية
منشور في: Buenos Aires Siglo Veinte 1965
الموضوعات:
الوسوم: إضافة وسم
لا توجد وسوم, كن أول من يضع وسما على هذه التسجيلة!

MARC

LEADER 00000nam a2200000 a 4500
001 UCZ9117
003 CL-VaPUC
008 960301e19650000AG |||||||||||||||||spa|d
082 0 4 |a 149.2  |b LUK  |2 21 
100 |a Lukács, Georg  |e autor  |9 375284 
245 1 0 |a Ensayos sobre el realismo 
300 |a 359 p 
942 |c BK 
945 |d 19960301 00:00:00  |a rleighto 
260 |a Buenos Aires  |b Siglo Veinte  |c 1965 
600 0 |a Balzac, Honoré de   |9 265437 
600 0 7 |a STENDHAL  |2 CL-VaPUC  |9 344186 
600 0 7 |a ZOLA, EMILE  |2 CL-VaPUC  |9 316220 
600 0 |a Tolstoi, León Graf  |d 1828-1910  |9 346194 
650 0 |a Filosofía   |9 223554 
650 0 |a Realismo  |9 259117 
650 0 |a Literatura  |9 259151 
583 |a last modification  |c 19960301 00:00:00  |k Rodrigo Vera 
999 |c 244700  |d 244698 
952 |0 0  |1 0  |4 0  |6 149_200000000000000_LUK_1965  |7 0  |8 A  |9 258865  |a BIBHIS  |b BIBHIS  |d 2019-11-19  |i 317347K  |o 149.2 LUK 1965  |p 317347K  |r 2025-01-20  |w 2019-11-19  |y BK  |k HIS 
952 |0 0  |1 0  |4 0  |6 149_200000000000000_LUK_1965  |7 0  |8 A  |9 258866  |a BIBGIM  |b BIBGIM  |d 2019-11-19  |i 1414968  |o 149.2 LUK 1965  |p 1414968  |r 2025-01-15  |w 2019-11-19  |y BK  |k GIM